Discurso leído en el certamen literario celebrado para solemnizar el tercer centenario de la gloriosa muerte de Santa Teresa de Jesús /
Santa Teresa, conjuntamente con San Juan de la Cruz, Fray Luis de León y Fray Luis de Granada, son los grandes representantes del misticismo y de la literatura mística española. La obra de Santa Teresa incluye escritos autobiográficos: Libro de su vida o Libro grande o Libro de las misericordias de...
-д хадгалсан:
| Үндсэн зохиолч: | |
|---|---|
| Формат: | Ном |
| Хэл сонгох: | испани |
| Нөхцлүүд: | |
| Шошгууд: |
Шошго байхгүй, Энэхүү баримтыг шошголох эхний хүн болох!
|
MARC
| LEADER | 00000nam^a2200000^a^4500 | ||
|---|---|---|---|
| 001 | 000381558 | ||
| 005 | 20250526000000.0 | ||
| 009 | 20260310120659.54 | ||
| 037 | |a Acervo Xavier Clavigero | ||
| 041 | |a ESP | ||
| 082 | |a 860. 94604 |b MAR | ||
| 100 | |a Martín García , Luis |e (autor) | ||
| 245 | 1 | 0 | |a Discurso leído en el certamen literario celebrado para solemnizar el tercer centenario de la gloriosa muerte de Santa Teresa de Jesús / |c L. Martín García. |
| 264 | |a Bilbao, España : |b Imprenta del Corazón de Jesús, |c 1898 | ||
| 300 | |a 105 p. ; |c 19.0 cm. | ||
| 336 | |a texto |b txt |2 rdacontenido | ||
| 337 | |a sin mediación |b n |2 rdamedio | ||
| 338 | |a volumen |b nc |2 rdasoporte | ||
| 501 | |a Encuadernación particular | ||
| 520 | |a Santa Teresa, conjuntamente con San Juan de la Cruz, Fray Luis de León y Fray Luis de Granada, son los grandes representantes del misticismo y de la literatura mística española. La obra de Santa Teresa incluye escritos autobiográficos: Libro de su vida o Libro grande o Libro de las misericordias de Dios; Libro de las fundaciones; Libro de las relaciones o Cuentas de conciencia y Cartas; en ellos da cuenta de su vida y de la fundación y evolución de los conventos carmelitas de la época. En las obras de carácter ascético-místicas se incluyen: Camino de perfección; Las moradas o Castillo interior; Constituciones. Dejó además poemas sobre temas piadosos y religiosos. | ||
| 561 | |a Ex libris de Ex Bibl. Dom. Prob. | ||
| 561 | |a Ex libris de Bibliotheca Coll. Max. Ysletensis S.J. | ||
| 562 | |a Falta cubierta | ||
| 649 | |a XX | ||
| 650 | |a Escritores Españoles | ||
| 650 | |a Religiosos Españoles | ||
| 650 | |a Monjas Españolas | ||
| 650 | |a Santos Españoles | ||
| 650 | |a Mujeres Españolas | ||
| 650 | |a Carmelitas en España - |x Historia | ||
| 650 | |a Monasticismo y Ordenes Religiosas - |z España - |x Historia | ||
| 650 | |a Memorias Españolas - |x Historia y Crítica | ||
| 650 | |a Sermones Españoles - |x Historia y Crítica | ||
| 650 | |a Misticismo en la Literatura - |z España - |x Historia y Crítica | ||
| 650 | |a Catolicismo | ||
| 650 | |a Cristianismo | ||
| 650 | |a Religión | ||
| 650 | |a Literatura Religiosa - |z España - |x Historia y Crítica | ||
| 650 | |a Literatura de Mujeres - |z España - |x Historia y Crítica | ||
| 650 | |a Literatura Española - |x Historia y Crítica | ||
| 650 | |a Literatura Española - |y Siglo XVI | ||
| 650 | |a Teresa de Jesús, |c Santa - |x Tema Principal | ||
| 910 | |a Fondo General | ||
| 920 | |a Impresos - Libros | ||
| 930 | |a Libros Antiguos y Raros | ||
| 940 | |a Literatura | ||
| 905 | |a 108 | ||
| 901 | |a 0500276673 |b IT2 |c LRA |u 20250526 | ||
| 902 | |a https://opac.biblio.iteso.mx/vufind/Record/000381558 | ||